We can have peace in the Holy Land / (Record no. 27704)

MARC details
000 -LEADER
campo de control de longitud fija 03428cam a2200445M 4500
001 - NÚMERO DE CONTROL
campo de control 103582
005 - FECHA Y HORA DE LA ÚLTIMA TRANSACCIÓN
campo de control 20230410103901.0
008 - DATOS DE LONGITUD FIJA--INFORMACIÓN GENERAL
campo de control de longitud fija 091215s2009 nyu 000 u eng d
040 ## - FUENTE DE CATALOGACIÓN
Centro catalogador/agencia de origen DKDLA
Lengua de catalogación dan
Centro/agencia transcriptor DKDLA
Centro/agencia modificador GEBAY
020 ## - NÚMERO INTERNACIONAL ESTÁNDAR DEL LIBRO
Número Internacional Estándar del Libro 1439140634
020 ## - NÚMERO INTERNACIONAL ESTÁNDAR DEL LIBRO
Número Internacional Estándar del Libro 9781439140635
043 ## - CÓDIGO DE ÁREA GEOGRÁFICA
Código de área geográfica aw-----
-- a-is---
050 14 - SIGNATURA TOPOGRÁFICA DE LA BIBLIOTECA DEL CONGRESO
Número de clasificación 416 DS 119.76
Número de ítem C323w 2009
082 00 - NÚMERO DE LA CLASIFICACIÓN DECIMAL DEWEY
Número de clasificación 956.054
049 ## - FONDOS LOCALES (OCLC)
Biblioteca depositaria GRAL
100 1# - ENTRADA PRINCIPAL--NOMBRE DE PERSONA
Nombre de persona Carter, Jimmy,
Fechas asociadas al nombre 1924-
245 10 - MENCIÓN DEL TÍTULO
Título We can have peace in the Holy Land /
Mención de responsabilidad, etc. Jimmy Carter.
260 ## - PUBLICACIÓN, DISTRIBUCIÓN, ETC.
Lugar de publicación, distribución, etc. New York :
Nombre del editor, distribuidor, etc. Simon & Schuster,
Fecha de publicación, distribución, etc. c2009.
300 ## - DESCRIPCIÓN FÍSICA
Extensión xxv, 228 p. :
Otras características físicas maps ;
Dimensiones 25 cm.
504 ## - NOTA DE BIBLIOGRAFÍA, ETC.
Nota de bibliografía, etc. Incluye referencias bibliográficas.
505 0# - NOTA DE CONTENIDO CON FORMATO
Nota de contenido con formato Introduction : Storm over a book -- From Abraham's journeys to the Six-Day War -- My early involvement with Israel -- Peace at Camp David -- Reagan, Bush I, and Clinton, 1981-2000 -- The early Bush II years, 2001-2005 -- Withdrawal from Gaza and its aftermath -- Spasmodic peace efforts, long overdue -- How close is Israel to its major goals? -- A search for information -- Can Hamas play a positive role? -- Assessment of the region -- Challenges to Israelis and Palestinians -- An agenda for peace -- Appendix 1 : U. N. Resolution 242, 1967 -- Appendix 2 : Camp David Accords, 1978 -- Appendix 3 : Arab peace proposal, 2002 -- Appendix 4 : Key points of the International Quartet's Roadmap for Peace, April 30, 2003 -- Appendix 5 : Israel's response to the Roadmap, May 25, 2003.
520 ## - RESUMEN, ETC.
Sumario, etc. Nobel Peace Laureate Jimmy Carter argues that the present moment is a unique time for achieving peace in the Middle East--and he offers a bold and comprehensive plan. For the last three decades, as President of the United States and as founder of The Carter Center, Carter has studied the complex and interrelated issues of the region's conflicts and has been actively involved in reconciling them. He knows the leaders of all factions who will need to play key roles, and he sees encouraging signs. Carter describes the history of previous peace efforts and why they fell short. He argues persuasively that the road to a peace agreement is now open and that it has broad international and regional support. Most of all, since there will be no progress without courageous and sustained U.S. leadership, he says the time for progress is now, and President Barack Obama is committed to a personal effort to exert that leadership.
600 14 - PUNTO DE ACCESO ADICIONAL DE MATERIA--NOMBRE DE PERSONA
Nombre de persona Carter, Jimmy,
Fechas asociadas al nombre 1924-.
650 #4 - PUNTO DE ACCESO ADICIONAL DE MATERIA--TÉRMINO DE MATERIA
Término de materia o nombre geográfico como elemento de entrada Conflicto árabe-israelí.
650 #4 - PUNTO DE ACCESO ADICIONAL DE MATERIA--TÉRMINO DE MATERIA
Término de materia o nombre geográfico como elemento de entrada Conflicto árabe-israelí
Subdivisión cronológica 1993
Subdivisión general Paz.
651 #4 - PUNTO DE ACCESO ADICIONAL DE MATERIA--NOMBRE GEOGRÁFICO
Nombre geográfico Palestina
Subdivisión general Historia.
650 #4 - PUNTO DE ACCESO ADICIONAL DE MATERIA--TÉRMINO DE MATERIA
Término de materia o nombre geográfico como elemento de entrada Judíos
Subdivisión general Historia
Subdivisión geográfica Palestina
Subdivisión cronológica Siglo XX.
651 #4 - PUNTO DE ACCESO ADICIONAL DE MATERIA--NOMBRE GEOGRÁFICO
Nombre geográfico Soluciones pacíficas de controversias internacionales.
650 #4 - PUNTO DE ACCESO ADICIONAL DE MATERIA--TÉRMINO DE MATERIA
Término de materia o nombre geográfico como elemento de entrada Conflicto árabe-israelí
Subdivisión general Cuestiones territoriales.
650 #4 - PUNTO DE ACCESO ADICIONAL DE MATERIA--TÉRMINO DE MATERIA
Término de materia o nombre geográfico como elemento de entrada Israel
Subdivisión general Relaciones étnicas.
650 #0 - PUNTO DE ACCESO ADICIONAL DE MATERIA--TÉRMINO DE MATERIA
Término de materia o nombre geográfico como elemento de entrada Arab-Israeli conflict
Subdivisión cronológica 1993-
Subdivisión general Peace.
600 10 - PUNTO DE ACCESO ADICIONAL DE MATERIA--NOMBRE DE PERSONA
Nombre de persona Carter, Jimmy,
Fechas asociadas al nombre 1924-
Subdivisión general Political and social views.
856 ## - LOCALIZACIÓN Y ACCESO ELECTRÓNICOS
Materiales especificados Contributor biographical information
Identificador Uniforme de Recursos <a href="http://catdir.loc.gov/catdir/enhancements/fy0902/2008048181-b.html">http://catdir.loc.gov/catdir/enhancements/fy0902/2008048181-b.html</a>
856 ## - LOCALIZACIÓN Y ACCESO ELECTRÓNICOS
Materiales especificados Publisher description
Identificador Uniforme de Recursos <a href="http://catdir.loc.gov/catdir/enhancements/fy0903/2008048181-d.html">http://catdir.loc.gov/catdir/enhancements/fy0903/2008048181-d.html</a>
856 ## - LOCALIZACIÓN Y ACCESO ELECTRÓNICOS
Materiales especificados Sample text
Identificador Uniforme de Recursos <a href="http://catdir.loc.gov/catdir/enhancements/fy0906/2008048181-s.html">http://catdir.loc.gov/catdir/enhancements/fy0906/2008048181-s.html</a>
856 ## - LOCALIZACIÓN Y ACCESO ELECTRÓNICOS
Materiales especificados Table of contents only
Identificador Uniforme de Recursos <a href="http://catdir.loc.gov/catdir/enhancements/fy0906/2008048181-t.html">http://catdir.loc.gov/catdir/enhancements/fy0906/2008048181-t.html</a>
942 ## - ELEMENTOS DE ENTRADA SECUNDARIOS (KOHA)
Fuente del sistema de clasificación o colocación Clasificación de Library of Congress
Tipo de ítem Koha
994 ## -
-- C0
-- DRFGD
946 ## - PROCESAMIENTO DE INFORMACIÓN LOCAL (OCLC)
a rg
Holdings
Estatus retirado Estado de pérdida Fuente del sistema de clasificación o colocación Estado de daño No para préstamo Colección Biblioteca de origen Biblioteca actual Ubicación en estantería Fecha de adquisición Serial enumeration / chronology Signatura topográfica completa Código de barras Visto por última vez Copia número Tipo de ítem Koha
    Clasificación de Library of Congress     Recursos Regionales Biblioteca Juan Bosch Biblioteca Juan Bosch Recursos Regionales (2do. Piso) 10/04/2023 1 416 DS 119.76 C323w 2009 00000092493 23/10/2018 1